00801nam a2200229 i 4500001000300000245008000003250002500083260005300108300005300161504002600214521005400240650002400294655003000318700002300348700001600371020001500387040000800402041000700410080001500417008004100432856009800473bg00aWprowadzenie do ekonomii /cpod red. Zofii Dach ; [aut. Adam Cygan et al.]. aWyd. 4 popr. i uzup. aKraków :bWydaw. Akademii Ekonomicznej,c1999. a116 s., [1] k. tabl. złoż. :bwykr. ;c24 cm. aBibliogr. s. 115-116. aDla studentów I roku wszystkich form studiów. 9aEkonomia polityczna aPodręczniki akademickie1 aDACH, Zofia.eRed.1 aCYGAN, Adam a8372520267 cBPK0 apl a330(075.8) s pl f |000 0 pol  uhttp://koha.tu.koszalin.pl/cgi-bin/koha/opac-detail.pl?biblionumber=36027yKatalog online BPK